La jeunesse et le communisme

Wedi'i Gadw mewn:
Manylion Llyfryddiaeth
Fformat: Llyfr
Iaith:Ffrangeg
Cyhoeddwyd: París Editions Sociales 1963
Pynciau:
Tagiau: Ychwanegu Tag
Dim Tagiau, Byddwch y cyntaf i dagio'r cofnod hwn!

MARC

LEADER 00000nam a2200000 a 4500
001 UCY8714
003 CL-VaPUC
008 950707e19630000FR |||||||||||||||||fre|d
082 0 4 |a 335.4  |b JEU  |2 21 
245 1 3 |a La jeunesse et le communisme 
300 |a 198 p 
942 |c BK 
945 |d 19950707 00:00:00  |a rbrito 
260 |a París  |b Editions Sociales  |c 1963 
650 0 |a Comunismo  |9 255588 
650 7 |a MARXISMO  |2 CL-VaPUC  |9 340376 
650 0 |a Juventud  |9 271073 
650 0 |a Trabajo  |9 313876 
650 0 |a Política  |9 255312 
583 |a last modification  |c 19950707 00:00:00  |k Rodrigo Vera 
999 |c 235934  |d 235932 
952 |0 0  |1 0  |4 0  |6 335_400000000000000_JEU_1963  |7 0  |8 A  |9 243678  |a BIBHIS  |b BIBHIS  |d 2019-11-18  |i 3099091  |o 335.4 JEU 1963  |p 3099091  |r 2025-01-20  |w 2019-11-18  |y BK  |k HIS